Normal view
MARC view
- LOPEZ VELARDE, RAMON,
Entry Nombre Personal
001 - NUMERO DE CONTROL
- campo de control: 17021
003 - IDENTIFICADOR DE NUMERO DE CONTROL
- campo de control: UPN
005 - FECHA Y HORA DE LA ÜLTIMA TRANSACCIÓN
- campo de control: 20210219193852.0
008 - DATOS DE LONGITUD FIJA
- campo de control de longitud fija: nabaccnnaabn|||||||||| b |nc|||||d
035 ## - NUMERO DE CONTROL
- Número de control: UPN10000017029
040 ## - FUENTE DE CATALOGACIÓN
- Lenguaje de catalogación: SPA
- Agencia de transcripción: UPN
100 1# - ENCABEZAMIENTO - NOMBRE PERSONAL
- Nombre personal: LOPEZ VELARDE, RAMON,
- Fechas asociadas con el nombre: 1888-1921 -
- Subdivisión temática general : CRITICA E INTERPRETACION
670 ## - FUENTE EN LA QUE SE LOCALIZARON DATOS
- Información localizada: López Velarde, Ramón, 1888-1921--Criticism and interpretation
902 ## - CATALOGADOR
- Catalogador: EMR/241110
